| 000 | 01435cam a2200349 a 4500 | ||
|---|---|---|---|
| 001 | 16008392 | ||
| 005 | 20110203071012.0 | ||
| 008 | 091204s2010 nju b 001 0 eng | ||
| 010 | _a2009051013 | ||
| 015 |
_aGBB021813 _2bnb |
||
| 016 | 7 |
_a015483499 _2Uk |
|
| 020 | _a0470380365 (pbk.) | ||
| 020 | _a9780470380369 (pbk.) | ||
| 035 | _a(OCoLC)ocn460061963 | ||
| 040 |
_aDLC _cDLC _dBTCTA _dUKM _dYDXCP _dC#P _dBWX _dVP@ _dDLC |
||
| 050 | 0 | 0 |
_aTH425 _b.R59 2010 |
| 082 | 0 | 0 |
_a692.3 _222 _bCON |
| 245 | 0 | 0 |
_aConstruction Specifications Writing : _bPrinciples and Procedures / _cMark Kalin ... [et al.]. |
| 250 | _a6th ed. | ||
| 260 |
_aHoboken, N.J. : _bJohn Wiley & Sons, _cc2010. |
||
| 300 |
_axvi, 506 p. ; _c28 cm. |
||
| 500 | _aRev. ed. of: Construction specifications writing : principles and procedures / Harold J. Rosen, John R. Regener, Jr. 2005. | ||
| 504 | _aIncludes bibliographical references and index. | ||
| 650 | 0 |
_aSpecification writing. _923126 |
|
| 650 | 0 |
_aBuildings _vSpecifications. _923127 |
|
| 653 |
_bCiv _cApril2011 |
||
| 700 | 1 |
_aKalin, Mark. _923128 |
|
| 700 | 1 |
_aRosen, Harold J. _tConstruction specifications writing. _923129 |
|
| 942 |
_2ddc _cBB |
||
| 999 |
_c15128 _d15128 |
||